Pienimmät naapurimaaparit - Statistics

Yleistilastot
  • Tätä visaa on pelattu 1 096 kertaa
  • Keskiarvotulos 18 / 25
Vastaustilastot
Valtio % Oikein
Liechtenstein
87%
Sveitsi
86%
Itävalta
82%
Luxemburg
82%
Belgia
80%
Kosovo
80%
Albania
79%
Alankomaat
78%
Kroatia
78%
Montenegro
78%
Pohjois-Makedonia
78%
Serbia
78%
Slovenia
78%
Vatikaanivaltio
78%
Bosnia ja Hertsegovina
77%
Italia
77%
San Marino
77%
Unkari
71%
Haiti
60%
Dominikaaninen tasavalta
57%
Israel
49%
Ruanda
48%
Libanon
47%
Burundi
46%
Jordania
46%
Ehtoja vastaavia visoja ei löytynyt
Tulosjakauma
Jokaisen tuloksen saaneiden osuus
Persentiili vastausten määrän mukaan
Tuloshistoriasi
Et ole pelannut tätä visaa